Geostatical error management : quantifying uncertainty for environmental sampling and mapping
Αποθηκεύτηκε σε:
| Κύριος συγγραφέας: | |
|---|---|
| Μορφή: | Βιβλίο |
| Γλώσσα: | English |
| Δημοσίευση: |
New York :
Wiley,
1997
|
| Θέματα: | |
| Ετικέτες: |
Προσθήκη ετικέτας
Δεν υπάρχουν, Καταχωρήστε ετικέτα πρώτοι!
|
MARC
| LEADER | 00000nam a2200000 i 4500 | ||
|---|---|---|---|
| 001 | 1/103345 | ||
| 008 | 090326s1997 eng d | ||
| 020 | |a 978-0-471-28556-4 | ||
| 035 | |l 10104008 | ||
| 040 | |a GR-MY-UA |b gre |e aacr | ||
| 041 | 0 | |a eng | |
| 082 | 0 | |a 363.700287 |2 (22) | |
| 100 | 1 | |a Myers, Jeffrey C. | |
| 245 | 1 | 0 | |a Geostatical error management : |b quantifying uncertainty for environmental sampling and mapping / |c Jeffrey C. Myers |
| 260 | |a New York : |b Wiley, |c 1997 | ||
| 300 | |a xix, 571 σ.; |b εικ., πίν., σχέδια; |c 24 εκ. | ||
| 504 | |a Βιβλιογραφία: σ. 547-558 | ||
| 504 | |a Ευρετήριο: σ. 559-571 | ||
| 650 | 0 | 0 | |a Environmental sampling |x Statistical methods. |
| 650 | 0 | 0 | |a Environmental mapping |x Statistical methods. |
| 650 | 0 | 0 | |a Geology |x Statistical methods. |
| 650 | 0 | 0 | |a Environmental geotechnology |x Statistical methods. |
| 650 | 0 | 0 | |a Errors, Scientific |x Statistical methods. |
| 852 | |a INST |b LESVOS |e 20090326 |h 363.700287 MYE |p 005100044656 |q 005100044656 |t BK |y 0 | ||
| 901 | |a BIBL1-2009-1 | ||
| 909 | |a Λ |b 153922 | ||
| 922 | |a 1ΕΛΗ |b 200809 |c ΕΠΕΑΕΚ2/ΤΓ |d ΜΙΧΑΛΟΠΟΥΛΟΣ | ||
| 970 | |a ΚΑΡΑ |b ΓΙΑΣΕΜΗ |z 2009/03/26 | ||